A premontreiek gyásza
Správa o úmrtí kanonika, riaditeľa rožňavského gymnázia a farára v Malých Kapušanoch Dr. Vavrinca (Lőrinc) Tótha, ktorý v rokoch 1878 - 1886 vyučoval na košickom gymnáziu a Právnickej akadémii.
| Médium: | Článok |
|---|---|
| Jazyk: | Hungarian |
| Témy: | |
| Zdroj: |
1. Abauj-Kassai Közlöny : Politikai napilap 1. Roč. 40, č. 254 (07.11.1911) s. 2 |
| LEADER | 01109nab#a2200349#ar4500 | ||
|---|---|---|---|
| 001 | 000077813 | ||
| 003 | SVKKK | ||
| 005 | 19971014xxxxxxx. | ||
| 008 | 06 c xo huno | ||
| FMT | |||
| 038 | |a SVKKK | ||
| 040 | |a SVKKK |b slo |e AACR2 | ||
| 041 | 0 | |a hun | |
| 044 | |a xo |c SK | ||
| 080 | |a 282(Abov):271(prem) | ||
| 080 | |a 282(Gemer):271(prem) | ||
| 242 | 1 | 0 | |a Smútok premonštrátov |
| 245 | 0 | 0 | |a A premontreiek gyásza |
| 500 | |a [Zd 76] | ||
| 520 | 2 | |a Správa o úmrtí kanonika, riaditeľa rožňavského gymnázia a farára v Malých Kapušanoch Dr. Vavrinca (Lőrinc) Tótha, ktorý v rokoch 1878 - 1886 vyučoval na košickom gymnáziu a Právnickej akadémii. | |
| 650 | 0 | 4 | |a úmrtie - Tóth, Vavrinec (kanonik premonštrátsky) - Rožňava - Košice - Kapušany - pôsobenie - správy |
| 773 | 0 | |t Abauj-Kassai Közlöny : Politikai napilap |g Roč. 40, č. 254 (07.11.1911) s. 2 | |
| 957 | |a Kapušany | ||
| 957 | |a Košice | ||
| 957 | |a Rožňava | ||
| 958 | |a CI | ||
| 958 | |a DG | ||
| 958 | |a SK | ||
| 974 | |a ebl |d 19971014 | ||
| 992 | |a RBX | ||
| BAS | |||
| 998 | |a RETRO | ||